| 000 | 01175cam a2200349 i 4500 | ||
|---|---|---|---|
| 003 | EG-ScBUE | ||
| 005 | 20260505101554.0 | ||
| 008 | 150817t2018 enka f b 001 0 eng d | ||
| 020 | _a9781292153919 | ||
| 020 | _a1292153911 | ||
| 040 |
_aEG-ScBUE _beng _erda _cEG-ScBUE _dEG-ScBUE |
||
| 082 | 0 | 4 |
_a004.6 _bDES _222 |
| 245 | 0 | 0 |
_aDesigning the user interface : _bstrategies for effective human-computer interaction / _cShneiderman [and four others] |
| 250 | _aSixth edition. | ||
| 250 | _aGlobal edition. | ||
| 264 | 1 |
_aHarlow : _bPearson Education Limited, _c[2018] |
|
| 264 | 4 | _cc2018 | |
| 300 |
_a622 pages : _bcolor illustrations ; _c24 cm |
||
| 336 |
_2rdacontent _atext _btxt |
||
| 337 |
_2rdamedia _aunmediated _bn |
||
| 338 |
_2rdacarrier _avolume _bnc |
||
| 504 | _aIncludes bibliographical references and index. | ||
| 650 | 7 |
_aHuman-computer interaction. _2BUEsh |
|
| 650 | 7 |
_aUser interfaces _2BUEsh |
|
| 650 | 7 |
_aSystem design _2BUEsh |
|
| 650 | 7 |
_aUser interfaces (Computer systems) _2BUEsh |
|
| 651 | _2BUEsh | ||
| 653 |
_bART _cMay2026 |
||
| 655 | _vReading book | ||
| 700 | 1 |
_aShneiderman, Ben, _eauthor. _934907 |
|
| 942 |
_cBB _2ddc |
||
| 999 |
_c31197 _d31168 |
||